[Event "New England Club Championship for 2014"]
[Site "SchemingMind.com"]
[Date "2012.09.28"]
[Round "-"]
[White "littleboo"]
[Black "flammablepawn"]
[Result "1-0"]
[WhiteCountry "USA"]
[BlackCountry "USA"]
[WhiteElo "2253"]
[WhiteRD "76"]
[BlackElo "1878"]
[BlackRD "87"]
[GameID "318247"]

1. e4 e6 2. d4 d5 3. Nd2 Nf6 4. e5 Nfd7 5. Ngf3 c5 6. c3 Nc6 7. Nb3 c4 8. Nbd2 b5 9. b3 Qa5 10. Bb2 Be7
11. Qc2 O-O 12. a4 cxb3 13. Nxb3 Qb6 14. axb5 Ncb8 15. Bd3 h6 16. O-O Bb7 17. Ba3 Bxa3 18. Rxa3 a6 19. Rfa1 Rc8 20. Nfd2 Rc7
21. Ra5 Bc8 22. c4 dxc4 23. Nxc4 Qb7 24. Be4 Rxc4 25. Qxc4 Qxe4 26. Qxc8+ Kh7 27. Qc7 Qd3 28. Qb7
1-0

[Event "New England Club Championship for 2014"]
[Site "SchemingMind.com"]
[Date "2012.09.25"]
[Round "-"]
[White "samprabhur"]
[Black "NYNH"]
[Result "0-1"]
[WhiteCountry "USA"]
[BlackCountry "USA"]
[WhiteElo "1817"]
[WhiteRD "116"]
[BlackElo "2105"]
[BlackRD "64"]
[GameID "318250"]

1. e4 e6 2. d4 d5 3. Nc3 Nf6 4. Bg5 Be7 5. Bxf6 Bxf6 6. e5 Be7 7. f4 c5 8. Qg4 O-O 9. Nf3 Qb6 10. O-O-O Nc6
11. dxc5 Qxc5 12. h4 Bd7 13. Nxd5 exd5 14. Qxd7 Rfd8 15. Qg4 Rac8 16. Bd3 Nb4 17. Nd4 Nxa2+ 18. Kb1 Nb4 19. Bf5 Qa5 20. Bxc8 Qa2+
21. Kc1 Qa1+ 22. Kd2 Qxb2 23. Nf5 Qxc2+ 24. Ke1 Nd3+ 25. Rxd3 Bb4+ 26. Kf1 Qxd3+ 27. Kg1 g6 28. Nh6+ Kf8 29. Bf5 Qe3+ 30. Kh2 Qf2
31. Qg5 Be7
0-1

[Event "New England Club Championship for 2014"]
[Site "SchemingMind.com"]
[Date "2012.09.29"]
[Round "-"]
[White "flammablepawn"]
[Black "littleboo"]
[Result "0-1"]
[WhiteCountry "USA"]
[BlackCountry "USA"]
[WhiteElo "1878"]
[WhiteRD "87"]
[BlackElo "2253"]
[BlackRD "76"]
[GameID "318252"]

1. b4 Nf6 2. Bb2 e6 3. b5 d5 4. a4 Bd6 5. e3 Nbd7 6. Nf3 e5 7. c4 e4 8. Nd4 Ne5 9. Be2 dxc4 10. O-O Nfg4
11. h3 Nh2 12. Kxh2 Nd3+ 13. g3 Nxb2 14. Qc2 Nd3 15. Bxd3 cxd3 16. Qd1 Qh4 17. Rh1 Bxg3+ 18. fxg3 Qxh3+ 19. Kg1 Qxg3+ 20. Kf1 h5
21. Nc3 Bh3+ 22. Rxh3 Qxh3+ 23. Kg1 Rh6 24. Nxe4 Rg6+
0-1

[Event "New England Club Championship for 2014"]
[Site "SchemingMind.com"]
[Date "2012.09.25"]
[Round "-"]
[White "NYNH"]
[Black "samprabhur"]
[Result "1-0"]
[WhiteCountry "USA"]
[BlackCountry "USA"]
[WhiteElo "2105"]
[WhiteRD "64"]
[BlackElo "1817"]
[BlackRD "116"]
[GameID "318255"]

1. d4 Nf6 2. c4 e6 3. g3 c5 4. d5 exd5 5. cxd5 d6 6. Nc3 g6 7. Bg2 Bg7 8. Nf3 O-O 9. O-O Na6 10. Nd2 Nc7
11. Nc4 Re8 12. a4 b6 13. Bf4 Bf8 14. Re1 Nh5 15. Bd2 Ba6 16. b3 Nf6 17. e4 Nd7 18. Bf4 Bxc4 19. bxc4 Bg7 20. Rc1 Ne5
21. Nb1 Na6 22. Nd2 Nb4 23. Bxe5 Rxe5 24. Nf1 Qd7 25. Ne3 Rae8 26. a5 bxa5 27. Ra1 Rxe4 28. Bxe4 Bxa1 29. Qxa1 Rxe4 30. Qxa5 Nd3
31. Rb1 Qe7 32. Qc3 Rxe3 33. Rb8+
1-0

[Event "New England Club Championship for 2014"]
[Site "SchemingMind.com"]
[Date "2012.10.02"]
[Round "-"]
[White "David Carter"]
[Black "Coretismo"]
[Result "1-0"]
[WhiteCountry "USA"]
[BlackCountry "ENG"]
[WhiteElo "2139"]
[WhiteRD "103"]
[BlackElo "2017"]
[BlackRD "81"]
[GameID "318598"]

1. d4 Nf6 2. c4 g6 3. Nc3 d5 4. Nf3 Bg7 5. Bf4 O-O 6. Rc1 c5 7. dxc5 Be6 8. e3 Nc6 9. Be2 Ne4 10. O-O Nxc3
11. bxc3 dxc4 12. Ng5 Bd7 13. Bxc4 Na5 14. Be2 Qc8 15. e4 Rd8 16. Qc2 Qxc5 17. Be3 Qa3 18. Nf3 Ba4 19. Qb1 Bxc3 20. Rxc3 Qxc3
21. Rc1 Qf6 22. Qb4 Bc6 23. e5 Qe6 24. Qxa5 Rd5 25. Qc3 Qd7 26. Nd4 Rxe5 27. Nxc6
1-0

[Event "New England Club Championship for 2014"]
[Site "SchemingMind.com"]
[Date "2012.10.02"]
[Round "-"]
[White "Coretismo"]
[Black "David Carter"]
[Result "0-1"]
[WhiteCountry "ENG"]
[BlackCountry "USA"]
[WhiteElo "2017"]
[WhiteRD "81"]
[BlackElo "2139"]
[BlackRD "103"]
[GameID "318605"]

1. c4 e6 2. Nc3 d5 3. d4 c6 4. Nf3 dxc4 5. a4 Bb4 6. g3 a5 7. Ne5 Nf6 8. Bg2 Nd5 9. Bd2 Nb6 10. e3 N8d7
11. f4 O-O 12. Ne4 f6 13. Nxd7 Bxd2+ 14. Nxd2 Bxd7 15. Qe2 Qe7 16. O-O Qb4 17. Rfc1 e5 18. dxe5 fxe5 19. Nxc4 exf4 20. Nxb6 Qxb6
21. Kh1 Qxe3 22. Qxe3 fxe3 23. Re1 Rae8 24. Rad1 Bg4 25. Rd3 Rf2 26. b3 Rd2 27. Bf1 Rxd3 28. Bxd3 Be6 29. Bc2 Bh3 30. Kg1 Re5
0-1

[Event "New England Club Championship for 2014"]
[Site "SchemingMind.com"]
[Date "2012.10.06"]
[Round "-"]
[White "bemweeks"]
[Black "Uzi Mike"]
[Result "1-0"]
[WhiteCountry "USA"]
[BlackCountry "USA"]
[WhiteElo "2496"]
[WhiteRD "131"]
[BlackElo "2400"]
[BlackRD "87"]
[GameID "318837"]

1. e4 e6 2. d4 d5 3. Nc3 Bb4 4. e5 Ne7 5. a3 Bxc3+ 6. bxc3 c5 7. Qg4 Qc7 8. Qxg7 Rg8 9. Qxh7 cxd4 10. Ne2 Nbc6
11. f4 Bd7 12. Qd3 dxc3 13. h3 d4 14. Rb1 O-O-O 15. g4 Ng6 16. Bg2 Nh4 17. Be4 Be8 18. Kf2 Ng6 19. a4 Nge7 20. Ba3 f5
21. exf6 Nd5 22. Bxd5 Rxd5 23. Rb5 Rd7 24. Rhb1 Bg6 25. Qc4 b6 26. Rg5 Kb7 27. a5 Nxa5 28. Qxc7+ Kxc7 29. h4 Bf7 30. Rxg8 Bxg8
31. h5 Nc4 32. Be7 d3 33. cxd3 Rxd3 34. Rc1 e5 35. Rxc3 Rxc3 36. Nxc3 exf4 37. Kf3 Kd7 38. Kxf4 Nb2 39. g5
1-0

[Event "New England Club Championship for 2014"]
[Site "SchemingMind.com"]
[Date "2012.10.10"]
[Round "-"]
[White "Spottdrossel"]
[Black "Vermonty"]
[Result "0-1"]
[WhiteCountry "GER"]
[BlackCountry "USA"]
[WhiteElo "1962"]
[WhiteRD "91"]
[BlackElo "2055"]
[BlackRD "72"]
[GameID "318840"]

1. c4 c5 2. Nf3 g6 3. d4 cxd4 4. Nxd4 Bg7 5. e4 Nc6 6. Be3 Nh6 7. Be2 d6 8. Nc3 O-O 9. O-O f5 10. exf5 Nxf5
11. Nxf5 Bxf5 12. Qd2 Rc8 13. Rac1 b6 14. b3 Qd7 15. Rfe1 Ne5 16. Bh6 Nf7 17. Bxg7 Kxg7 18. Nd5 e5 19. a4 Be4 20. Nc3 Bc6
21. Nd5 Nh6 22. Bf3 Qd8 23. Re4 Bxd5 24. Qxd5 Rc5 25. Qd2 Nf5 26. Bg4 Nd4 27. Qe3 Rc7 28. f4 Qf6 29. fxe5 dxe5 30. Bf3 Nxf3+
31. gxf3 Qxf3 32. Qxf3 Rxf3 33. Rb1 Kf6 34. Kg2 Rf4
0-1

[Event "New England Club Championship for 2014"]
[Site "SchemingMind.com"]
[Date "2012.10.05"]
[Round "-"]
[White "vetran"]
[Black "Ronald R. Nurmi"]
[Result "1/2-1/2"]
[WhiteCountry "NED"]
[BlackCountry "USA"]
[WhiteElo "1953"]
[WhiteRD "80"]
[BlackElo "1903"]
[BlackRD "80"]
[GameID "318842"]

1. e4 d5 2. exd5 Qxd5 3. Nc3 Qd6 4. d4 Nf6 5. Nf3 c6 6. Ne5 Nbd7 7. Bf4 Nd5 8. Nxd5 Qxd5 9. Nf3 Nb6 10. Be2 Bf5
11. Be3 e6 12. O-O Be7 13. b3 O-O 14. c4 Qd8 15. Qd2 h6 16. a4 a5 17. Bd3 Bb4 18. Qc2 Bxd3 19. Qxd3 Re8 20. Rad1 Qc7
21. c5 Nd5 22. Ne5 Nc3 23. Rc1 Nd5 24. Nc4 Red8 25. Nd6 b6 26. Rfd1 Nxe3 27. Qxe3 Qe7 28. Ne4 Rab8 29. cxb6 Qe8 30. Qg3 Kh7
31. Qd3 Kg8 32. Qg3 Kh7 33. Qh4 Be7 34. Qh5 Rd5 35. Qe2 Rxb6 36. Rd3 Kg8 37. g3 Qd8 38. Rcd1 Rb8 39. Kg2 Qc7 40. Nc3 Rd7
41. Ne4 Rd5=
1/2-1/2

[Event "New England Club Championship for 2014"]
[Site "SchemingMind.com"]
[Date "2012.10.06"]
[Round "-"]
[White "Uzi Mike"]
[Black "bemweeks"]
[Result "1/2-1/2"]
[WhiteCountry "USA"]
[BlackCountry "USA"]
[WhiteElo "2413"]
[WhiteRD "78"]
[BlackElo "2483"]
[BlackRD "139"]
[GameID "318848"]

1. c4 c5 2. Nc3 Nf6 3. Nf3 e6 4. g3 b6 5. Bg2 Bb7 6. O-O Be7 7. Re1 d6 8. e4 a6 9. d4 cxd4 10. Nxd4 Qc7
11. Be3 Nbd7 12. f4 O-O 13. Rc1 Rac8 14. f5 e5 15. Nd5 Qd8 16. Nb3 Bxd5 17. cxd5 Rxc1 18. Qxc1 Qb8 19. Qc4 Nc5 20. Nxc5 bxc5
21. b3 Qb5 22. Rc1 Ra8 23. Bf3 Bd8 24. Qf1 Ba5 25. Rc4 Bb4 26. g4 Qa5 27. g5 Nd7 28. Rc2 Bc3 29. Kg2 Bd4 30. Bd2 Qd8
31. Be2 f6 32. h4 Qc8 33. Qf3 Qd8 34. Qh5 Qf8 35. Kg3 Qb8 36. Rc4 Nb6 37. Rc1 Nd7 38. Rb1 Qf8 39. Kg2 Qe7 40. Rc1 Qf8
41. Kf3 Qb8 42. Rc4 Nb6 43. Rc2 Nd7 44. Ba5 Ra7 45. Bd3 Qc8 46. Rg2 Qa8 47. Bd2 Qb8 48. Bc4 Kh8 49. g6 Nf8 50. gxh7 Nxh7
51. Qg6 Qf8 52. h5 Qf7 53. Qg4 Ra8 54. Qh4 Nf8 55. Qh3 Nh7 56. h6 gxh6 57. Qxh6 Qf8 58. Qh5 Qe8 59. Rg6 a5 60. Bh6 Ra7
61. Qg4 Rc7 62. Ke2 Qf7 63. Bb5 c4 64. Bxc4 Nf8 65. Qh5 Nh7 66. Bb5 Rc2+ 67. Kf3 Rc3+ 68. Kg2 Rc2+ 69. Kh1 Rc7 70. Bg7+ Qxg7
71. Rxg7 Rc1+ 72. Kh2 Kxg7 73. Qg6+ Kh8 74. Qe8+ Kg7 75. Qd7+ Kh6 76. Qxd6 Rc2+ 77. Kh1 Kh5 78. Qa6 Kh4 79. Be2 Rc3 80. Bf1 Ng5
81. Qxf6 Rc2 82. a3 Be3 83. Qxe5 Kg4 84. d6 Rf2 85. Bg2 Rc2 86. Qb5 Kg3 87. Qf1 Rc1 88. Qxc1 Bxc1 89. d7 Nf7 90. e5 Bxa3
91. Bd5 Nd8 92. f6 Bb2 93. f7 Ba3 94. b4 Bxb4 95. e6 a4 96. Kg1 Kf4 97. Kf2 Ke5 98. Ba2 Kf6 99. Ke3=
1/2-1/2

[Event "New England Club Championship for 2014"]
[Site "SchemingMind.com"]
[Date "2012.10.10"]
[Round "-"]
[White "Vermonty"]
[Black "Spottdrossel"]
[Result "1/2-1/2"]
[WhiteCountry "USA"]
[BlackCountry "GER"]
[WhiteElo "2055"]
[WhiteRD "72"]
[BlackElo "1962"]
[BlackRD "91"]
[GameID "318851"]

1. e4 c6 2. d4 d5 3. e5 Bf5 4. Nf3 e6 5. Be2 Ne7 6. O-O Ng6 7. c3 Nd7 8. Ne1 Be7 9. Na3 Bxa3 10. bxa3 h5
11. Bd3 Bxd3 12. Qxd3 Nb6 13. Rb1 Qe7 14. Nc2 O-O 15. a4 Nc4 16. f4 Nh4 17. Qe2 g6 18. Rb3 Nf5 19. Ba3 Nxa3 20. Nxa3 Rab8
21. Nc2 a5 22. Rfb1 Rfc8 23. Ne3 Nxe3 24. Qxe3 Kh7 25. g3 Qc7 26. Kg2 c5 27. R1b2 cxd4 28. cxd4 b6 29. Kh3 Qc6 30. Qf3 Rc7
31. Rb5 Rcb7 32. f5 Qc4 33. fxg6+ fxg6 34. Rxb6 Rxb6 35. Qf7+ Kh6 36. Qf4+=
1/2-1/2

[Event "New England Club Championship for 2014"]
[Site "SchemingMind.com"]
[Date "2012.10.05"]
[Round "-"]
[White "Ronald R. Nurmi"]
[Black "vetran"]
[Result "0-1"]
[WhiteCountry "USA"]
[BlackCountry "NED"]
[WhiteElo "1903"]
[WhiteRD "80"]
[BlackElo "1953"]
[BlackRD "80"]
[GameID "318853"]

1. d4 d5 2. Bf4 Nf6 3. e3 g6 4. Nf3 Bg7 5. Be2 O-O 6. O-O Nh5 7. Bg5 h6 8. Bh4 g5 9. Ne5 Nf6 10. Bg3 Ne4
11. Nd2 Nxg3 12. hxg3 Nd7 13. Nef3 e5 14. dxe5 Nxe5 15. Nxe5 Bxe5 16. c3 Bf5 17. f4 Bd6 18. Nf3 c6 19. Bd3 Bg4 20. Qd2 Bxf3
21. gxf3 f5 22. Kg2 Qf6 23. Rfe1 Rae8 24. Re2 Rf7 25. Kf2 Rfe7 26. Rae1 Bc5 27. b4 Bb6 28. a3 gxf4 29. gxf4 Qh4+ 30. Kf1 Rg7
31. Rf2 Qg3 32. Ke2 Bxe3 33. Kd1 Bxd2 34. Rxe8+ Kf7 35. Rfe2 Bxc3
0-1

[Event "New England Club Championship for 2014"]
[Site "SchemingMind.com"]
[Date "2012.10.08"]
[Round "-"]
[White "lawyertheologian"]
[Black "opto"]
[Result "1-0"]
[WhiteCountry "USA"]
[BlackCountry "CAN"]
[WhiteElo "2050"]
[WhiteRD "83"]
[BlackElo "1845"]
[BlackRD "85"]
[GameID "318931"]

1. e4 c5 2. c3 d5 3. exd5 Qxd5 4. d4 g6 5. Nf3 Bg7 6. Be3 Nh6 7. dxc5 Qxd1+ 8. Kxd1 Ng4 9. Kc2 Nxe3+ 10. fxe3 O-O
11. Nbd2 Nc6 12. Rd1 Be6 13. Bc4 Bf5+ 14. e4 Bg4 15. Bd5 Rfc8 16. h3 Bxf3 17. gxf3 e6 18. Bxc6 Rxc6 19. Nb3 a5 20. a4 Bf8
21. Rd7 b6 22. cxb6 Rxb6 23. Nd4 Rab8 24. b3 Rc8 25. Nb5 Rbc6 26. Rhd1 Rc5 27. Ra7 Rg5 28. Rdd7 Rg2+ 29. Kd3 Rg3 30. Ke2 Rxh3
31. Rxf7 Rh2+ 32. Kd3 Rh1 33. Nd4 Rd8 34. Kc4 Rc8+ 35. Rac7 Rxc7+ 36. Rxc7 e5 37. Ne6 Bh6 38. b4 axb4 39. cxb4 Rc1+ 40. Kb5 Rxc7
41. Nxc7 Be3 42. Nd5 Bd4 43. Nf6+ Kg7 44. Nxh7 Kxh7 45. Kc6 g5 46. b5 Kg7 47. b6 Kf6 48. a5 Ke7 49. a6
1-0

[Event "New England Club Championship for 2014"]
[Site "SchemingMind.com"]
[Date "2012.10.08"]
[Round "-"]
[White "opto"]
[Black "lawyertheologian"]
[Result "0-1"]
[WhiteCountry "CAN"]
[BlackCountry "USA"]
[WhiteElo "1845"]
[WhiteRD "85"]
[BlackElo "2050"]
[BlackRD "83"]
[GameID "318932"]

1. e4 Nf6 2. e5 Nd5 3. d4 d6 4. Nf3 g6 5. Bc4 Nb6 6. Bb3 Bg7 7. a4 dxe5 8. a5 N6d7 9. dxe5 Nxe5 10. Qxd8+ Kxd8
11. Nxe5 Bxe5 12. O-O e6 13. Re1 Bg7 14. Bg5+ f6 15. Bh4 g5 16. Bg3 f5 17. Be5 Bxe5 18. Rxe5 Nc6 19. Re3 f4 20. Rd3+ Ke7
21. Nc3 Bd7 22. Ne4 Ne5 23. Rc3 Bc6 24. Re1 Rad8 25. Nxg5 Rhg8 26. Nxe6 Rxg2+ 27. Kf1 Rd2 28. Re2 Rd1+ 29. Re1 Rg1+ 30. Ke2 Rgxe1#
0-1

[Event "New England Club Championship for 2014"]
[Site "SchemingMind.com"]
[Date "2012.10.15"]
[Round "-"]
[White "Daryl Fouard"]
[Black "AussieMossie"]
[Result "0-1"]
[WhiteCountry "USA"]
[BlackCountry "AUS"]
[WhiteElo "1796"]
[WhiteRD "75"]
[BlackElo "2335"]
[BlackRD "114"]
[GameID "319249"]

1. e4 c5 2. c3 d5 3. exd5 Qxd5 4. d4 Nf6 5. Na3 cxd4 6. Nb5 Na6 7. Nxd4 e5 8. Ndf3 Qxd1+ 9. Kxd1 Bd6 10. h3 O-O
11. Be3 Nd5 12. Bd2 Nc5 13. Bc4 Nb6 14. Bb3 Nd3 15. Be3 Nxb2+ 16. Kc2 N2c4 17. Bxb6 Bf5+ 18. Kd1 Nb2+ 19. Kd2 axb6 20. Ne2 Rfd8
21. g4 Be4 22. Bxf7+ Kf8 23. Bb3 Bxf3 24. Rhe1 Ba3+ 25. Ke3 Rd3#
0-1

[Event "New England Club Championship for 2014"]
[Site "SchemingMind.com"]
[Date "2012.10.20"]
[Round "-"]
[White "AussieMossie"]
[Black "Daryl Fouard"]
[Result "1-0"]
[WhiteCountry "AUS"]
[BlackCountry "USA"]
[WhiteElo "2331"]
[WhiteRD "113"]
[BlackElo "1777"]
[BlackRD "75"]
[GameID "319251"]

1. e4 c5 2. Nf3 g6 3. d4 Bg7 4. d5 Nf6 5. Nc3 O-O 6. Be2 d6 7. O-O Na6 8. h3 e6 9. dxe6 Bxe6 10. Ng5 Qc8
11. Bxa6 bxa6 12. Qxd6 Rd8 13. Qg3 Bc4 14. Re1 h6 15. e5 Nh5 16. Qh4 hxg5 17. Qxc4 Rd4 18. Qe2 Nf4 19. Bxf4 gxf4 20. e6 fxe6
21. Qg4 Kf7 22. Ne4 Rb8 23. Ng5+ Kf6 24. Rxe6+
1-0

[Event "New England Club Championship for 2014"]
[Site "SchemingMind.com"]
[Date "2012.12.13"]
[Round "-"]
[White "littleboo"]
[Black "lawyertheologian"]
[Result "0-1"]
[WhiteCountry "USA"]
[BlackCountry "USA"]
[WhiteElo "2226"]
[WhiteRD "78"]
[BlackElo "2136"]
[BlackRD "91"]
[GameID "323102"]

1. e4 Nf6 2. e5 Nd5 3. d4 d6 4. c4 Nb6 5. exd6 cxd6 6. Nf3 g6 7. Bd3 Bg7 8. O-O Bg4 9. Be2 O-O 10. Be3 e5
11. Nc3 Nc6 12. dxe5 dxe5 13. c5 Nd7 14. Ne4 b6 15. Qd6 Rc8 16. cxb6 Nxb6 17. Rfd1 Bxf3 18. Bxf3 Nd4 19. Bxd4 exd4 20. Rab1 Nc4
21. Qf4 d3 22. b3 Ne5 23. a3 Qe7 24. b4 Rc4 25. Qe3 Rd8 26. Nc5 Rc3 27. Bb7 Rxa3 28. Ba6 Ra2 29. Rxd3 Rxd3 30. Bxd3 Qh4
31. Be2 Ng4 32. Bxg4 Qxg4 33. h3 Qd4 34. Qe1 Be5 35. Rd1 Qc3 36. Qxc3 Bxc3 37. b5 Ba5 38. Rd5 Bb6 39. Kf1 Rc2 40. Nd3 Rd2
41. f3 Rd1+ 42. Ke2 Rg1 43. Nf4 Kg7 44. Rd1 Rxd1 45. Kxd1 Kf6 46. Nd3 Ke6 47. Kc2 Kd5 48. Kc3 Ba5+ 49. Kb3 Kd4 50. Nb2 Kc5
51. Ka4 Bb6 52. Nd1 Kc4 53. h4 Bd4 54. f4 f5 55. Ka3 Kxb5 56. Kb3 Kc5 57. g3 h5 58. Ka4 Kc4 59. Ka3 Kd3 60. Kb3 a5
61. Ka4 Ke2 62. Kxa5 Kxd1 63. Kb4 Bf2 64. Kc4 Bxg3 65. Kd5 Bxh4 66. Ke5 Bd8 67. Ke6 h4
0-1

[Event "New England Club Championship for 2014"]
[Site "SchemingMind.com"]
[Date "2012.12.14"]
[Round "-"]
[White "lawyertheologian"]
[Black "littleboo"]
[Result "1/2-1/2"]
[WhiteCountry "USA"]
[BlackCountry "USA"]
[WhiteElo "2093"]
[WhiteRD "90"]
[BlackElo "2223"]
[BlackRD "74"]
[GameID "323104"]

1. e4 c5 2. Nf3 Nc6 3. c3 d5 4. exd5 Qxd5 5. d4 Nf6 6. Be2 cxd4 7. cxd4 Qa5+ 8. Nc3 Bg4 9. d5 Rd8 10. O-O Nxd5
11. Nxd5 e6 12. Qb3 Qxd5 13. Qxb7 Nd4 14. Qa6 Nxe2+ 15. Qxe2 Bd6 16. Be3 Bxf3 17. Qxf3 Qxf3 18. gxf3 Rd7 19. Rfd1=
1/2-1/2

[Event "New England Club Championship for 2014"]
[Site "SchemingMind.com"]
[Date "2013.01.11"]
[Round "-"]
[White "NYNH"]
[Black "AussieMossie"]
[Result "0-1"]
[WhiteCountry "USA"]
[BlackCountry "AUS"]
[WhiteElo "2052"]
[WhiteRD "64"]
[BlackElo "2346"]
[BlackRD "108"]
[GameID "324545"]

1. d4 d5 2. Nf3 Nf6 3. c4 c6 4. cxd5 cxd5 5. Nc3 Nc6 6. Bf4 Bf5 7. Rc1 e6 8. e3 Bb4 9. Qb3 O-O 10. Be2 Nh5
11. Bg5 f6 12. Nd2 fxg5 13. Bxh5 g4 14. e4 dxe4 15. Ndxe4 Bxc3+ 16. Nxc3 Qg5 17. O-O Nxd4 18. Qc4 Nf3+
0-1

[Event "New England Club Championship for 2014"]
[Site "SchemingMind.com"]
[Date "2013.01.11"]
[Round "-"]
[White "AussieMossie"]
[Black "NYNH"]
[Result "1-0"]
[WhiteCountry "AUS"]
[BlackCountry "USA"]
[WhiteElo "2346"]
[WhiteRD "108"]
[BlackElo "2052"]
[BlackRD "64"]
[GameID "324551"]

1. e4 c5 2. Nf3 d6 3. d4 cxd4 4. Nxd4 Nf6 5. Nc3 g6 6. Be3 Bg7 7. f3 O-O 8. Qd2 Nc6 9. Bc4 Bd7 10. O-O-O Rc8
11. Bb3 Ne5 12. Kb1 Nc4 13. Bxc4 Rxc4 14. g4 Qb8 15. h4 Rfc8 16. h5 Rxc3 17. bxc3 Qc7 18. hxg6 fxg6 19. Nb3 Qxc3 20. Qxc3 Rxc3
21. Rd3 Rc8 22. Bxa7 Bb5 23. Re3 Nd7 24. Bd4 Ne5 25. g5 Rc6 26. f4 Nc4 27. Reh3 Nd2+ 28. Nxd2 Bxd4 29. Rxh7 Be3 30. f5 gxf5
31. Rh8+ Kg7 32. exf5 Bxg5 33. Ne4
1-0

[Event "New England Club Championship for 2014"]
[Site "SchemingMind.com"]
[Date "2013.02.02"]
[Round "-"]
[White "Vermonty"]
[Black "David Carter"]
[Result "0-1"]
[WhiteCountry "USA"]
[BlackCountry "USA"]
[WhiteElo "2068"]
[WhiteRD "81"]
[BlackElo "2155"]
[BlackRD "117"]
[GameID "326020"]

1. e4 e5 2. Nc3 Nf6 3. f4 d5 4. fxe5 Nxe4 5. Nf3 Be7 6. Bd3 Nc5 7. Bb5+ c6 8. d4 cxb5 9. dxc5 Be6 10. Nxb5 Qa5+
11. Nc3 Nc6 12. O-O Qxc5+ 13. Kh1 O-O 14. Ne2 Bg4 15. Bf4 f6 16. e6 Bxe6 17. h3 Rad8 18. Ned4 Bf7 19. c3 Rfe8 20. Qd2 Bf8
21. Rad1 Re4 22. Bg3 Rde8 23. Qf2 Bh5 24. Rd2 Qc4 25. Nb3 Re2 26. Qg1 Bxf3
0-1

[Event "New England Club Championship for 2014"]
[Site "SchemingMind.com"]
[Date "2013.02.02"]
[Round "-"]
[White "David Carter"]
[Black "Vermonty"]
[Result "1-0"]
[WhiteCountry "USA"]
[BlackCountry "USA"]
[WhiteElo "2186"]
[WhiteRD "123"]
[BlackElo "2071"]
[BlackRD "88"]
[GameID "326024"]

1. d4 Nf6 2. c4 e6 3. Nc3 Bb4 4. e3 O-O 5. Ne2 Re8 6. a3 Bf8 7. d5 d6 8. g3 a5 9. Bg2 Na6 10. Rb1 exd5
11. cxd5 Nc5 12. b4 axb4 13. axb4 Nce4 14. f3 Nxc3 15. Nxc3 Bd7 16. O-O c6 17. b5 cxb5 18. Nxb5 Ra5 19. Nc3 Qc8 20. Qd4 Qc5
21. Rd1 Rc8 22. Bb2 b5 23. e4 Be7 24. Qxc5 Rxc5 25. Rd4 Ne8 26. Rb4 Bf6 27. Ne2 Bxb2 28. R4xb2 Ra4 29. Bf1 Nc7= 30. Nf4 f6
31. Nd3 Rc3 32. Be2 Kf7 33. Kf2 Na6 34. h4 Ke7 35. g4 Nc7 36. h5 Raa3 37. Nb4 Ra4 38. Kg3 Be8 39. Kf4 Bd7 40. Bd1 Raa3
41. g5 Ne8 42. h6 fxg5+ 43. Kxg5 g6 44. Nc2 Ra4 45. Nb4 Raa3 46. Rb3 Raxb3 47. Rxb3 Rc1 48. Rd3 Rc5 49. Rd4 Nc7 50. Kh4 g5+
51. Kg3 Kf6 52. f4 Rc4 53. Rxc4 gxf4+ 54. Kxf4 bxc4 55. Bc2 Be8 56. Ke3 Ke5 57. Nc6+ Bxc6 58. dxc6 Ne6 59. Kd2 Kd4 60. e5 Kxe5
61. Bxh7 Nc7 62. Bc2 Kf6 63. Kc3 d5 64. Kd4
1-0

[Event "New England Club Championship for 2014"]
[Site "SchemingMind.com"]
[Date "2013.02.28"]
[Round "-"]
[White "AussieMossie"]
[Black "lawyertheologian"]
[Result "1-0"]
[WhiteCountry "AUS"]
[BlackCountry "USA"]
[WhiteElo "2408"]
[WhiteRD "98"]
[BlackElo "2058"]
[BlackRD "84"]
[GameID "327831"]

1. e4 Nf6 2. e5 Nd5 3. d4 d6 4. Nf3 g6 5. c4 Nb6 6. Nc3 Bg7 7. Be3 O-O 8. c5 N6d7 9. exd6 exd6 10. cxd6 cxd6
11. Bd3 Nc6 12. O-O Nb6 13. Bg5 Bf6 14. Bxf6 Qxf6 15. d5 Ne7 16. Be2 Bf5 17. h3 Rac8 18. Re1 Rc5 19. g4 Nexd5 20. gxf5 Qxf5
21. Bf1 Nxc3 22. bxc3 Rxc3 23. Bg2 Rfc8 24. Nd4 Qg5 25. Rb1 Rxh3 26. Nf3 Qg4 27. Re7 Rh5 28. Qxd6 Nd5 29. Qd7 Qxd7 30. Rxd7 Nc3
31. Rbxb7 Ne2+ 32. Kf1 Nf4 33. Ne1 Rc1 34. Bf3 Re5 35. Rd1 Rxd1 36. Bxd1 a5 37. Ng2 Nd5 38. Bb3 Rf5 39. Nh4 Rh5 40. Nf3 Rf5
41. Nd4 Re5 42. Nc6
1-0

[Event "New England Club Championship for 2014"]
[Site "SchemingMind.com"]
[Date "2013.02.28"]
[Round "-"]
[White "lawyertheologian"]
[Black "AussieMossie"]
[Result "0-1"]
[WhiteCountry "USA"]
[BlackCountry "AUS"]
[WhiteElo "2058"]
[WhiteRD "84"]
[BlackElo "2408"]
[BlackRD "98"]
[GameID "327836"]

1. e4 e5 2. Nc3 Nc6 3. f4 exf4 4. d4 Qh4+ 5. Ke2 Bb4 6. Nd5 Nxd4+ 7. Kd3 Ne6 8. Nxb4 Qf2 9. Nf3 Nc5+ 10. Kc3 Nxe4+
11. Kb3 a5 12. Qd4 Qxd4 13. Nxd4 axb4 14. Bxf4 Nc5+ 15. Kxb4 Ra4+ 16. Kxc5 d6+ 17. Bxd6 cxd6+ 18. Kxd6 Rxd4+ 19. Kc7 Rd7+ 20. Kb8 Rd8
21. Kc7 Ne7 22. Re1 Rd7+ 23. Kb6 O-O 24. Bb5 Nd5+ 25. Ka5 Rd6 26. c4 b6+ 27. Ka4 Nf4 28. Rd1 Nd3 29. Ka3 Bg4 30. Rd2 Ra8+
31. Kb3 Nc5+ 32. Kc2 Bf5+ 33. Kd1 Nd3 34. Ke2 Bg4+ 35. Ke3 Rad8
0-1

[Event "New England Club Championship for 2014"]
[Site "SchemingMind.com"]
[Date "2013.08.09"]
[Round "-"]
[White "David Carter"]
[Black "bemweeks"]
[Result "0-1"]
[WhiteCountry "USA"]
[BlackCountry "USA"]
[WhiteElo "2129"]
[WhiteRD "106"]
[BlackElo "2519"]
[BlackRD "128"]
[GameID "336284"]

1. d4 Nf6 2. c4 g6 3. Nc3 Bg7 4. e4 d6 5. Be2 O-O 6. Bg5 Na6 7. Qd2 e5 8. d5 c6 9. f3 cxd5 10. cxd5 Bd7
11. h4 Qa5 12. g4 h5 13. Bxf6 Bxf6 14. gxh5 Nc5 15. hxg6 fxg6 16. Rb1 Na4 17. h5 gxh5 18. Bd1 Nxc3 19. bxc3 b5 20. Rxh5 Rf7
21. Ne2 Raf8 22. Rb2 Rg7 23. Qe3 Qa3 24. Rd2 b4 25. Bb3 Be8 26. Rf5 Bg6 27. Rxf6 Rxf6 28. cxb4 Bh5 29. f4 exf4 30. Nxf4 Qc1+
0-1

[Event "New England Club Championship for 2014"]
[Site "SchemingMind.com"]
[Date "2013.08.10"]
[Round "-"]
[White "bemweeks"]
[Black "David Carter"]
[Result "1-0"]
[WhiteCountry "USA"]
[BlackCountry "USA"]
[WhiteElo "2519"]
[WhiteRD "128"]
[BlackElo "2129"]
[BlackRD "106"]
[GameID "336285"]

1. e4 e5 2. Nf3 Nc6 3. Bb5 a6 4. Ba4 Nf6 5. O-O Nxe4 6. d4 b5 7. Bb3 d5 8. dxe5 Be6 9. Nbd2 Nc5 10. c3 d4
11. Bxe6 Nxe6 12. cxd4 Ncxd4 13. Ne4 Qd5 14. Nxd4 Nxd4 15. Nc3 Qd7 16. Be3 Bc5 17. Ne4 Ba7 18. a4 b4 19. Rc1 O-O 20. Re1 Rfe8
21. Nc5 Bxc5 22. Rxc5 Rad8 23. Kf1 b3 24. Bg5 f6 25. exf6 Rxe1+ 26. Qxe1 Ne6 27. Re5 Nxg5 28. Rxg5 Qd3+ 29. Kg1 Qd1 30. Rxg7+ Kf8
31. Qf1 Qc2 32. Re7 Qxb2 33. Rxh7 Qxf6 34. Rh3
1-0